书目信息 |
| 题名: |
增减记账法
|
|
| 作者: | 张以宽 编著 | |
| 分册: | ||
| 出版信息: | 北京 中国财经出版社 1981.02 |
|
| 页数: | 143页 | |
| 开本: | 19cm | |
| 丛书名: | 会计基础知识丛书 | |
| 单 册: | ||
| 中图分类: | F231.4 | |
| 科图分类: | ||
| 主题词: | 会计 | |
| 电子资源: | ||
| ISBN: | ||
| 000 | 00611nam0 2200229 45 | |
| 001 | 0309091704 | |
| 005 | 20031219104113.9 | |
| 010 | @dCNY0.40 | |
| 091 | @a4166.233 | |
| 100 | @a20030909d1981 km y0chiy0120 ea | |
| 101 | 0 | @achi |
| 105 | @a z 000yy | |
| 200 | 1 | @a增减记账法@AZeng Jian Ji Zhang Fa@f张以宽编著@FZhang Yi Kuan Bian Zhu |
| 210 | @a北京@c中国财经出版社@d1981.02 | |
| 215 | @a143页@d19cm | |
| 225 | @a会计基础知识丛书 | |
| 410 | @12001 @a会计基础知识丛书 | |
| 606 | 0 | @a会计 |
| 690 | @aF231.4@v3 | |
| 701 | 0 | @a张以宽@4编著 |
| 801 | @aCN@bTSTC@c20030909 | |
| 905 | @f1@b43925@dF231.4@e10 | |
| 增减记账法/张以宽编著.-北京:中国财经出版社,1981.02 |
| 143页;19cm.-(会计基础知识丛书) |
| ISBN :CNY0.40 |
| ● |
| 相关链接 |
|
|
|
|
正题名:增减记账法
索取号:F231.4/10
 
预约/预借
| 序号 | 登录号 | 条形码 | 馆藏地/架位号 | 状态 | 备注 |
| 1 | 0043925 | 001813915 | 第一借阅区/ [索取号:F231.4/10] | 在馆 | |
| 2 | 0043927 | 000204861 | 第一样本阅览室/ [索取号:F231.4/10] | 在馆 |